|
|
|
|
| LEADER |
00000cam a22000004a 4500 |
| 001 |
musev2_1065 |
| 003 |
MdBmJHUP |
| 005 |
20230905040154.0 |
| 006 |
m o d |
| 007 |
cr||||||||nn|n |
| 008 |
990614r20021915alu o 00 0 eng d |
| 010 |
|
|
|z 99006649
|
| 020 |
|
|
|a 9780817385026
|
| 020 |
|
|
|z 9780817310189
|
| 035 |
|
|
|a (OCoLC)680620790
|
| 040 |
|
|
|a MdBmJHUP
|c MdBmJHUP
|
| 043 |
|
|
|a n-usu--
|
| 050 |
0 |
4 |
|a E78.T33
|b M66 2002
|
| 082 |
0 |
|
|a 976.8
|2 21
|
| 100 |
1 |
|
|a Moore, Clarence B.
|q (Clarence Bloomfield),
|d 1852-1936.
|
| 245 |
1 |
4 |
|a The Tennessee, Green, and Lower Ohio Rivers Expeditions of Clarence Bloomfield Moore /
|c edited and with an introduction by Richard R. Polhemus.
|
| 264 |
|
1 |
|a Tuscaloosa :
|b University of Alabama Press,
|c 2002.
|
| 264 |
|
3 |
|a Baltimore, Md. :
|b Project MUSE,
|c 2012
|
| 264 |
|
4 |
|c ©2002.
|
| 300 |
|
|
|a 1 online resource (395 pages):
|b ill., maps ;
|
| 336 |
|
|
|a text
|b txt
|2 rdacontent
|
| 337 |
|
|
|a computer
|b c
|2 rdamedia
|
| 338 |
|
|
|a online resource
|b cr
|2 rdacarrier
|
| 500 |
|
|
|a "The works by Clarence B. Moore reproduced by facsimile in this volume were published originally in 1915 and 1916"--T.p. verso.
|
| 504 |
|
|
|a Includes bibliographical references and indexes.
|
| 588 |
|
|
|a Description based on print version record.
|
| 650 |
|
0 |
|a Archaeological expeditions
|z Ohio River Valley.
|
| 650 |
|
0 |
|a Archaeological expeditions
|z Kentucky
|z Green River Valley.
|
| 650 |
|
0 |
|a Archaeological expeditions
|z Tennessee River Valley.
|
| 650 |
|
0 |
|a Indians of North America
|z Ohio River Valley
|x Antiquities.
|
| 650 |
|
0 |
|a Indians of North America
|z Kentucky
|z Green River Valley
|x Antiquities.
|
| 650 |
|
0 |
|a Indians of North America
|z Tennessee River Valley
|x Antiquities.
|
| 600 |
1 |
0 |
|a Moore, Clarence B.
|q (Clarence Bloomfield),
|d 1852-1936
|x Travel
|z Ohio River Valley.
|
| 600 |
1 |
0 |
|a Moore, Clarence B.
|q (Clarence Bloomfield),
|d 1852-1936
|x Travel
|z Kentucky
|z Green River Valley.
|
| 600 |
1 |
0 |
|a Moore, Clarence B.
|q (Clarence Bloomfield),
|d 1852-1936
|x Travel
|z Tennessee River Valley.
|
| 651 |
|
0 |
|a Ohio River Valley
|x Antiquities.
|
| 651 |
|
0 |
|a Green River Valley (Ky.)
|x Antiquities.
|
| 651 |
|
0 |
|a Tennessee River Valley
|x Antiquities.
|
| 655 |
|
7 |
|a Electronic books.
|2 local
|
| 700 |
1 |
|
|a Polhemus, Richard R.
|
| 710 |
2 |
|
|a Project Muse.
|e distributor
|
| 830 |
|
0 |
|a Book collections on Project MUSE.
|
| 856 |
4 |
0 |
|z Texto completo
|u https://projectmuse.uam.elogim.com/book/1065/
|
| 945 |
|
|
|a Project MUSE - Custom Collection
|
| 945 |
|
|
|a Project MUSE - Archive Complete Foundation
|
| 945 |
|
|
|a Project MUSE - Archive Archaeology and Anthropology Foundation
|